000 00303nam a2200109Ia 4500
008 200302s9999 xx 000 0 und d
100 _aBenoy K. Behl
245 _aThe Ajanta Caves Artistic Wonder of Ancient Buddhist India
260 _bHarry N. Abrams Inc. Publisher
260 _c1998
300 _a256 P.,
999 _c1899
_d1899